| 000 | 00416nam a2200169Ia 4500 | ||
|---|---|---|---|
| 001 | 23021 | ||
| 008 | 140410s9999 xx 000 0 und d | ||
| 020 | _a0-413-69720-7 | ||
| 040 | _cPK-LaUMT | ||
| 082 |
_a 658.409 _bALL-W |
||
| 100 | _aRoger E. Allen | ||
| 245 |
_aWinnie-the-Pooh on management _cRoger E. Allen |
||
| 260 |
_aLondon,UK: _bMethuen & Co., _c1994 |
||
| 300 | _a161 p. | ||
| 546 | _aEN | ||
| 942 | _cBK | ||
| 999 |
_c23261 _d23261 |
||